| 000 | 00397nam a2200157Ia 4500 | ||
|---|---|---|---|
| 003 | OSt | ||
| 005 | 20230525112038.0 | ||
| 008 | 211028s2018 xx 000 0 und d | ||
| 040 | _cAIMIT LIBRARY | ||
| 041 | _aeng | ||
| 100 |
_aDsouza, Jeevitha; Srinivas, B L. _98774 _e161916 |
||
| 110 |
_aSrinivas B L _98775 |
||
| 245 | _aMedical application. | ||
| 260 |
_aMangaluru _c2018 |
||
| 942 |
_2ddc _cPRO |
||
| 999 |
_c220056 _d220056 |
||